000
00208nam a22000977a 4500
999
_c
16099
_d
16099
003
OSt
008
191106b ||||| |||| 00| 0 eng d
100
_a
Rajan,A D.
_9
4545
245
_a
Sariyum thettum
942
_c
BK